[Event "Cappelle Online Rapid op"]
[Site "Europe Echecs INT"]
[Date "2021.03.06"]
[Round "6"]
[White "Godon, Philippe"]
[Black "Leroy, Serge"]
[Result "1-0"]
[WhiteElo "1818"]
[BlackElo "1287"]
[PlyCount "33"]
[EventDate "2021.03.06"]
[EventType "swiss (rapid)"]
[EventRounds "9"]
[EventCountry "FRA"]
[SourceTitle "CBM 201 Extra"]
[Source "ChessBase"]
[SourceDate "2021.05.31"]
[SourceVersion "1"]
[SourceVersionDate "2021.05.31"]
[SourceQuality "1"]

1. d4 d5 2. e4 dxe4 3. Nc3 Nf6 4. f3 exf3 5. Nxf3 Bg4 6. h3 Bxf3 7. Qxf3 Nc6 8. Bb5 Qd6 9. Bf4 Qe6+ 10. Kf2 0-0-0 11. Rhe1 Qd7 12. Rad1 e6 13. Bg5 Be7 14. d5 exd5 15. Nxd5 Bc5+ 16. Kf1 Bd4 17. Rxd4 1-0

[Event "Cappelle Online Rapid op"]
[Site "Europe Echecs INT"]
[Date "2021.03.06"]
[Round "4"]
[White "Huynh, Nicolas"]
[Black "Leroy, Serge"]
[Result "1-0"]
[WhiteElo "1836"]
[BlackElo "1287"]
[PlyCount "57"]
[EventDate "2021.03.06"]
[EventType "swiss (rapid)"]
[EventRounds "9"]
[EventCountry "FRA"]
[SourceTitle "CBM 201 Extra"]
[Source "ChessBase"]
[SourceDate "2021.05.31"]
[SourceVersion "1"]
[SourceVersionDate "2021.05.31"]
[SourceQuality "1"]

1. e4 c6 2. Nf3 d5 3. d3 dxe4 4. dxe4 Qc7 5. Be3 Bg4 6. Be2 Nd7 7. Nfd2 Bxe2 8. Qxe2 Ngf6 9. f3 e5 10. Nb3 Be7 11. N1d2 h5 12. 0-0-0 0-0-0 13. Kb1 Nf8 14. Nc4 Ne6 15. c3 Kb8 16. Qf2 b6 17. Qg3 Nd7 18. Rd2 h4 19. Qf2 h3 20. g3 f6 21. Rhd1 Ndc5 22. Bxc5 Nxc5 23. Nxc5 Bxc5 24. Qe2 Rxd2 25. Rxd2 b5 26. Ne3 Bxe3 27. Qxe3 Rd8 28. Kc2 Rd4 29. cxd4 1-0